| 000 | 00458nam a2200157 i 4500 | ||
|---|---|---|---|
| 001 | 34870 | ||
| 003 | ES-MaACL | ||
| 005 | 20230906155019.0 | ||
| 007 | t| | ||
| 008 | 030211q19001999fr ||||1| fre d | ||
| 100 | 1 |
_aBonnier, Gaston. _930279 |
|
| 245 | 1 | 4 |
_aLes plantes des champs et des bois / _cpar Gaston Bonnier. |
| 260 |
_aParís : _bJ.B. Baillière et Fils, _c[19--?] |
||
| 300 |
_aVIII, 568 p., 30 lám. : _bil. ; _c25 cm. |
||
| 852 |
_aES-MaACL _jF-155 |
||
| 999 |
_c34870 _d34870 |
||